000
00280nam a2200121Ia 4500
008
211105s9999 xx 000 0 und d
020
_a
VYASA10161
100
_a
Mani Vettam
245
0
_a
Puranic Encyclopaedia
250
_a
\N
260
_b
Motilal Banarsidass
_c
\N
300
_a
922p.
999
_c
6769
_d
6769